000 04559nam a22003137i 4500
001 TCPA 31
003 gtcocun
005 20250911214325.0
006 a||||gr|||| 00| 0
008 250911b2016 gt ||||| m||| 00| 0 eng d
040 _agtcocun
_bSPA
_cgtcocun
_eRDA
041 _aSPA
084 _0TCPA 31
100 _aTarot Sagastume, Beberly Shermen
_eAutor
245 _aInforme final del Ejercicio Profesional Supervisado, realizado en la Municipalidad de Cobán, Alta Verapaz/
_cBeberly Shermen Tarot Sagastume
_hImpreso
264 _aCobán, Alta Verapaz:
_bUniversidad de San Carlos de Guatemala, Centro Universitario del Norte, Licenciatura en Contaduría Pública y Auditoría.
_c2016
300 _a65 p.:
_bIlustraciones, gráficas.
_c28 cm; PDF
336 _2rdacontenido
_aTexto
_btxt
337 _2rdamedio
_aComputadora
_bn
338 _2rdasoporte
_aCódigo en línea
_bcr
502 _e.
502 _aTesis de grado
_bLicenciatura en Contaduría Pública y Auditoría.
_cUniversidad de San Carlos de Guatemala, Centro Universitario del Norte, Licenciatura en Contaduría Pública y Auditoría.
_d2016
_oTCPA 31
520 1 4 _aLa Universidad de San Carlos de Guatemala y el Centro Universitario del Norte a través de la carrera de Contaduría Pública y Auditoría, propone como método de evaluación final el ejercicio profesional supervisado, para los estudiantes, previo a conferir el grado académico de Licenciado. Mediante la implementación de la herramienta de fortalezas, oportunidades, debilidades, amenazas y árbol de problemas se estableció el alto índice de subdesarrollo, de desempleo y pobreza, así como la baja satisfacción de necesidades básicas y el desaprovechamiento de los recursos naturales en el municipio de Cobán, A.V., en la etapa de diagnóstico. En el plan de trabajo se estableció la preparación de perfiles de proyectos de inversión en actividades agrícolas, para brindar solución a las situaciones encontradas, por medio del apoyo de la Municipalidad de Cobán, Alta Verapaz y del instituto italo – latino americano (IILA) que por medio del acuerdo territorial fomenta el desarrollo y empleo, con el objeto de fortalecer la economía local y generar oportunidades para todos los sectores sociales. En la etapa de ejecución se realizó la formulación del contenido de los perfiles de proyectos, los cuales contienen capítulos de análisis coyuntural, identificación del producto, los estudios de mercado, técnico, administrativo legal, de impacto ambiental, así como la evaluación financiera y económica social. Los resultados obtenidos del estudio de mercado para la propuesta de inversión del proyecto de cultivo y cosecha de lechuga es la poca participación de oferentes por lo que muestra la oportunidad para poder intervenir y participar durante cinco años productivos y establecerla como una Cooperativa de Responsabilidad Limitada, la cual brindara empleos y beneficios económicos a sus asociados. En la identificación del proyecto de producción de vainilla se establece que es producido en la región a baja escala, por lo que se determinó que el lugar idóneo para su implementación es la aldea “Balbatzul, Cubilgüitz”, ya que se caracteriza por tener un clima oportuno y proporcionar desarrollo al sector mediante la instrucción de un producto no tradicional. En el análisis coyuntural del proyecto de engorde y destace de pollos muestra que esta actividad se desarrolla por medio de niveles tecnológicos tradicionalmente bajos, utilizado por fincas familiares dedicadas a menor escala y presenta condiciones favorables para su desarrollo con métodos tecnificados de mayores estándares de calidad para cubrir parte de la demanda insatisfecha. Las iniciativas van dirigidas a la búsqueda de la participación de los habitantes de las comunidades e interesados en producir un cambio ante la situación de subdesarrollo, desempleo y pobreza a la que se enfrentan, por medio de las propuestas de inversión que tiene por objetivo impulsar al desarrollo económico y fomentar con empleo a los pobladores del Municipio de Cobán, A.V.
650 1 4 _2LEMB
_aCobán, Alta Verapaz
_xCosecha
_xlechuga
_xcomercialización
_xvainilla
_xpollo
_xproducción
700 _aLic. Selvin Wotzbelli Castellanos Reyes
_eAsesor
856 _uhttps://drive.google.com/file/d/169bjQwbC6kXuCUiHzeiWQcUq4SMDjQJp/view?usp=sharing
_yPDF
_zUn ejemplar en línea.
942 _2ddc
_cTES
_iTCPA_31
_kClasificación
_n0
_6TCPA__31
999 _c1812
_d1812